|
|
|
|
| LEADER |
00830cam a2200229 7i4500 |
| 001 |
0000013131 |
| 005 |
20240911090000.0 |
| 020 |
|
|
|a 9789679426458 (pbk.)
|
| 020 |
|
|
|a 9679426459 (pbk.)
|
| 090 |
0 |
0 |
|a DS597.15
|b .A59 2004
|
| 100 |
0 |
|
|a Anwar Abdullah
|
| 245 |
1 |
0 |
|a Biografi Dato' Onn :
|b hidup Melayu
|c Anwar Abdullah ; kata pengantar oleh Tan Sri A. Samad Ismail.
|
| 260 |
|
|
|a Bangi, Selangor:
|b UKM,
|c 2004.
|
| 300 |
|
|
|a 279 p.:
|b ill.;
|c 22 cm.
|
| 490 |
0 |
|
|a Siri memoir Universiti Kebangsaan Malaysia
|
| 500 |
|
|
|a Gift: En. Hasrom Haron
|
| 600 |
0 |
0 |
|a Onn Jaafar,
|c Dato',
|d 1895-1962
|
| 650 |
0 |
0 |
|a Politicians --
|z Malaysia
|
| 651 |
|
0 |
|a Malaysia --
|x Politics and government
|
| 700 |
0 |
|
|a A. Samad Ismail
|
| 997 |
|
|
|a Perpustakaan Peringatan Siddiq Fadzil
|
| 999 |
|
|
|a MAL0000052
|b BOK
|c MALAYSIANA
|e Ground Floor, Bestari Jaya
|